Manejo descentralizado de los recursos naturales/
Wedi'i Gadw mewn:
| Awduron Corfforaethol: | , , |
|---|---|
| Fformat: | Trafodyn Cynhadledd |
| Iaith: | Spanish |
| Cyhoeddwyd: |
San José:
SINAC
|
| Pynciau: | |
| Tagiau: |
Ychwanegu Tag
Dim Tagiau, Byddwch y cyntaf i dagio'r cofnod hwn!
|
MARC
| LEADER | 00000 a a2200000 04500 | ||
|---|---|---|---|
| 001 | 31239 | ||
| 003 | cru CRAI/IIS | ||
| 005 | 20210729232304.0 | ||
| 008 | 210729b1999 cr ||||| |||| 00| 0 spa d | ||
| 020 | |a 9968-820-02-4 | ||
| 040 | |c cru CRAI/IIS | ||
| 090 | |a 16.01.02 G393g | ||
| 110 | |a Sistema Nacional de Areas de Conservación | ||
| 111 | 1 | |9 10051 |a Valverde Rojas, Jaime | |
| 245 | |a Manejo descentralizado de los recursos naturales/ |c Jaime Valverde Rojas | ||
| 260 | |a San José: |b SINAC | ||
| 300 | |a páginas 101-196 | ||
| 650 | |a GOBIERNO LOCAL | ||
| 650 | |a ZONAS PROTEGIDAS | ||
| 650 | |a GESTION AMBIENTAL | ||
| 650 | |a LEGISLACION AMBIENTAL | ||
| 650 | |a DESCENTRALIZACION | ||
| 650 | |a PROTECCION AMBIENTAL | ||
| 650 | |a PARTICIPACION SOCIAL | ||
| 650 | |a PLANIFICACION URBANA | ||
| 650 | |a POLITICA AMBIENTAL | ||
| 650 | |a PLANIFICACION AMBIENTAL | ||
| 650 | |a GEOGRAFIA | ||
| 710 | |a SINAC | ||
| 773 | 0 | |0 3138 |9 5888 |a Sistema Nacional de Areas de Conservación |d San José: SINAC 1999 |o 21537 |t Gestión ambiental Descentralizada: gobiernos y sociedad civil en la experiencia del Area de Conservación La Amistad Caribe / |w (cru CRAI/ IIS)31241 |z 9968-820-02-4 | |
| 942 | |2 z |c LI | ||
| 999 | |c 2716 |d 2716 | ||



